NBA Leading Scorer Every Year by Letter - L - Statistics

General Stats
  • This quiz has been taken 34 times
  • The average score is 33 of 76
Answer Stats
Year PPG Team Player % Correct
2015 21.0 Portland Trail Blazers Damian Lillard
100%
2016 25.1 Portland Trail Blazers Damian Lillard
100%
2017 27.0 Portland Trail Blazers Damian Lillard
100%
2018 26.9 Portland Trail Blazers Damian Lillard
100%
2020 30.0 Portland Trail Blazers Damian Lillard
100%
2021 28.8 Portland Trail Blazers Damian Lillard
100%
2023 32.2 Portland Trail Blazers Damian Lillard
100%
2024 24.3 Milwaukee Bucks Damian Lillard
100%
2025 24.9 Milwaukee Bucks Damian Lillard
100%
2019 26.6 Toronto Raptors Kawhi Leonard
97%
2022 24.4 Chicago Bulls Zach LaVine
90%
1971 25.2 Chicago Bulls Bob Love
73%
1972 25.8 Chicago Bulls Bob Love
73%
2012 26.0 Minnesota Timberwolves Kevin Love
73%
2014 26.1 Minnesota Timberwolves Kevin Love
73%
1973 23.8 Detroit Pistons Bob Lanier
63%
1974 22.5 Detroit Pistons Bob Lanier
63%
1975 24.0 Detroit Pistons Bob Lanier
63%
1976 21.3 Detroit Pistons Bob Lanier
63%
1977 25.3 Detroit Pistons Bob Lanier
63%
1978 24.5 Detroit Pistons Bob Lanier
63%
1979 23.6 Detroit Pistons Bob Lanier
63%
1985 17.5 Detroit Pistons Bill Laimbeer
57%
2001 14.8 Seattle SuperSonics Rashard Lewis
57%
2002 16.8 Seattle SuperSonics Rashard Lewis
57%
2003 18.1 Seattle SuperSonics Rashard Lewis
57%
2004 17.8 Seattle SuperSonics Rashard Lewis
57%
2005 20.5 Seattle SuperSonics Rashard Lewis
57%
2006 20.1 Seattle SuperSonics Rashard Lewis
57%
2007 22.4 Seattle SuperSonics Rashard Lewis
57%
2008 18.2 Orlando Magic Rashard Lewis
57%
2009 17.7 Orlando Magic Rashard Lewis
57%
1991 18.7 Boston Celtics Reggie Lewis
57%
1992 20.8 Boston Celtics Reggie Lewis
57%
1993 20.8 Boston Celtics Reggie Lewis
57%
2011 20.4 New Jersey Nets Brook Lopez
53%
2013 19.4 Brooklyn Nets Brook Lopez
53%
1987 18.9 Denver Nuggets Fat Lever
40%
1988 18.9 Denver Nuggets Fat Lever
40%
1989 19.8 Denver Nuggets Fat Lever
40%
1990 18.3 Denver Nuggets Fat Lever
40%
1999 9.8 Atlanta Hawks Grant Long
33%
1980 19.4 Detroit Pistons John Long
33%
1981 17.7 Detroit Pistons John Long
33%
1982 21.9 Detroit Pistons John Long
33%
2010 20.2 New York Knicks David Lee
27%
1964 17.7 Cincinnati Royals Jerry Lucas
27%
1965 21.4 Cincinnati Royals Jerry Lucas
27%
1966 21.5 Cincinnati Royals Jerry Lucas
27%
1983 16.5 Phoenix Suns Maurice Lucas
27%
1994 16.8 Minnesota Timberwolves Christian Laettner
17%
1995 16.3 Minnesota Timberwolves Christian Laettner
17%
1996 16.4 Minnesota Timberwolves Christian Laettner
17%
1997 18.1 Atlanta Hawks Christian Laettner
17%
1998 13.8 Atlanta Hawks Christian Laettner
17%
1955 18.7 Minneapolis Lakers Clyde Lovellette
13%
1956 21.5 Minneapolis Lakers Clyde Lovellette
13%
1957 20.8 Minneapolis Lakers Clyde Lovellette
13%
1958 23.4 Cincinnati Royals Clyde Lovellette
13%
1959 14.4 St. Louis Hawks Clyde Lovellette
13%
1960 20.8 St. Louis Hawks Clyde Lovellette
13%
1961 22.0 St. Louis Hawks Clyde Lovellette
13%
1954 9.1 Syracuse Nationals Earl Lloyd
13%
1984 17.8 Houston Rockets Lewis Lloyd
13%
1986 16.9 Houston Rockets Lewis Lloyd
13%
2000 12.4 Denver Nuggets Raef LaFrentz
10%
1967 18.2 Baltimore Bullets Kevin Loughery
3%
1969 22.6 Baltimore Bullets Kevin Loughery
3%
1970 21.9 Baltimore Bullets Kevin Loughery
3%
1962 17.2 Los Angeles Lakers Rudy LaRusso
3%
1963 12.3 Los Angeles Lakers Rudy LaRusso
3%
1968 21.8 San Francisco Warriors Rudy LaRusso
3%
1951 8.3 Indianapolis Olympians Bob Lavoy
0%
1952 10.3 Indianapolis Olympians Bob Lavoy
0%
1950 12.2 St. Louis Bombers John Logan
0%
1953 9.6 Baltimore Bullets Ray Lumpp
0%
No matching quizzes found
Score Distribution
Percent of People with Each Score
Percentile by Number Answered
Your Score History
You have not taken this quiz